Canadian Men's Hockey Team at the 2010 Vancouver Olympics - Statistics

General Stats
  • This quiz has been taken 29 times
  • The average score is 15 of 31
Answer Stats
Position Player % Correct
F Sidney Crosby
100%
F Corey Perry
72%
F Jerome Iginla
72%
G Roberto Luongo
72%
F Ryan Getzlaf
72%
G Martin Brodeur
68%
F Jonathan Toews
64%
F Patrice Bergeron
64%
D Scott Niedermayer
64%
D Drew Doughty
60%
F Joe Thornton
60%
G Marc-Andre Fleury
60%
Reserve Steven Stamkos
60%
Head Coach Mike Babcock
56%
D Chris Pronger
52%
D Duncan Keith
52%
F Patrick Marleau
52%
D Shea Weber
52%
Reserve Martin St. Louis
44%
F Rick Nash
44%
D Brent Seabrook
40%
General Manager Steve Yzerman
36%
Reserve Jeff Carter
32%
F Dany Heatley
28%
F Brenden Morrow
24%
F Mike Richards
24%
D Dan Boyle
20%
F Eric Staal
20%
Reserve Jay Bouwmeester
20%
Reserve Chris Mason
4%
Reserve Stephane Robidas
0%
No matching quizzes found
Score Distribution
Percent of People with Each Score
Percentile by Number Answered
Your Score History
You have not taken this quiz